[Event "Henry Chilufya Mem 2017"]
[Site "Mansa"]
[Date "2017.10.20"]
[Round "1.1"]
[White "Adly, Ahmed"]
[Black "Chumfwa, Stanley"]
[Result "1-0"]
[WhiteElo "2625"]
[BlackElo "2278"]
[Annotator "TA"]
[PlyCount "65"]
[EventDate "2017.10.20"]
[EventType "swiss"]
[EventCountry "ZAM"]
[SourceTitle "playchess.com"]
[Source "ChessBase"]
[SourceQuality "1"]

{[%evp 20,65,12,0,10,22,33,35,45,35,43,35,53,46,57,50,64,48,51,11,58,46,64,13,
103,111,100,102,111,102,109,107,105,108,174,169,164,165,246,249,318,313,306,
290,324,285,612,605]} 1. d4 Nf6 2. Nf3 e6 3. c4 b6 4. g3 Ba6 5. b3 Bb7 6. Bg2
Bb4+ 7. Bd2 a5 8. O-O O-O 9. Qc2 d6 10. Bg5 {E15: Queen's Indian: 4 g3
sidelines, 4 g3 Ba6 and 4 g3 Bb7 early deviations} a4 11. Nc3 {LiveBook: 9
Games} axb3 12. axb3 {The position is equal.} Rxa1 $146 ({Predecessor:} 12...
c5 13. Rxa8 Bxa8 14. d5 exd5 15. Nxd5 Bxd5 16. cxd5 h6 17. Bd2 Nxd5 {1-0 (29)
Nielsen,P (2626)-Stefansson,H (2588) Esbjerg 2002}) 13. Rxa1 Bxc3 14. Qxc3 Nbd7
15. Ra7 Qb8 16. Qa1 Be4 17. Qa6 h6 18. Bxf6 Nxf6 19. Ne1 {[%cal Bf3e1,Be1d3,
Bd3f4][%mdl 32]} Bxg2 20. Kxg2 Qc8 21. Qa4 (21. f3 $14) 21... Rd8 (21... c5 $11
) 22. Qc6 $16 Ne8 23. Nd3 Qd7 24. Qxd7 Rxd7 {[%mdl 4096] Endgame KRN-KRN} 25.
Ra8 Kf8 26. Rb8 f5 {[#]} (26... e5 $16) 27. Nf4 $1 $18 Ke7 28. Nxe6 d5 (28...
Kxe6 {might work better.} 29. Rxe8+ Re7) 29. cxd5 Kf7 30. Rc8 g5 31. f3 Ke7 32.
Kf2 Rxd5 $2 {[#]} (32... Nf6 33. Nxc7 f4) 33. Rxe8+ $1 {[%mdl 512] Precision:
White = 71%, Black = 22%.} 1-0

[Event "Henry Chilufya Mem 2017"]
[Site "Mansa"]
[Date "2017.10.20"]
[Round "1.3"]
[White "Kiriakov, Petr"]
[Black "Bwalya, Gillan"]
[Result "1-0"]
[WhiteElo "2543"]
[BlackElo "2291"]
[Annotator "TA"]
[PlyCount "73"]
[EventDate "2017.10.20"]
[EventType "swiss"]
[EventCountry "ZAM"]
[SourceTitle "playchess.com"]
[Source "ChessBase"]
[SourceQuality "1"]

{[%evp 14,73,38,28,36,25,25,30,37,27,47,38,65,76,66,82,74,75,64,73,65,64,61,64,
75,87,87,89,166,167,169,177,175,171,185,178,178,174,206,204,326,322,322,290,
291,243,277,279,379,373,382,376,388,379,364,364,375,377,494,494,462,374]} 1. d4
d5 2. c4 dxc4 3. e3 Nf6 4. Bxc4 e6 5. Nf3 a6 6. O-O c5 7. b3 cxd4 8. Nxd4 {
LiveBook: 74 Games} Bc5 {D27: Queen's Gambit Accepted: Classical main line: 7
e4!? and 7 a4} (8... Bd7 9. Bb2 Nc6 10. Nf3 Be7 11. Nbd2 O-O 12. Rc1 Rc8 13.
Qe2 Nb4 14. a3 b5 15. axb4 bxc4 16. Nxc4 Bxb4 {1/2-1/2 (58) Giri,A (2771)
-Caruana,F (2823) London 2016}) 9. Bb2 O-O 10. Nd2 Qe7 {White has an edge.} 11.
Rc1 $146 ({Predecessor:} 11. Qf3 b5 12. Bd3 Bb7 13. Ne4 Nbd7 14. Rac1 Kh8 15.
Ne2 Bd6 16. Bb1 Nxe4 17. Bxe4 Bxh2+ 18. Kxh2 {0-1 (24) De Souza,M (2363)
-Garcia Palermo,C (2491) Rio de Janeiro 1999}) 11... Bd7 12. Bd3 e5 13. Nf5
Bxf5 14. Bxf5 g6 15. Ne4 $36 {[%mdl 2048] Keeping Black busy.} Nxe4 16. Bxe4
Ra7 17. Qd5 b6 18. Bf3 ({Don't blunder} 18. Bxe5 $2 Rd7 $19) 18... Nd7 19. Rfd1
Re8 20. Qc6 Nf6 {[#]} (20... Kg7 $16 {was called for.} 21. Rd5 f6) 21. b4 $1
$18 {[%cal Rb4c5]} Rc7 22. Qa4 Bd6 23. Qxa6 Bxb4 24. Qxb6 Rxc1 25. Rxc1 {
[%cal Bd1c1,Bc1c7,Bc7b7][%mdl 32]} Ba3 26. Rc7 Qb4 (26... Qd6 $142 27. Qxd6
Bxd6) 27. Qxb4 Bxb4 28. Rb7 Ba5 29. Bd1 Rd8 {[%cal Rd8d1]} 30. Bb3 Nd7 {
If Black can now play ...Nc5 this consolidates a bit.} 31. g4 Nc5 32. Bxf7+ Kg7
33. Bxe5+ Kf8 {[#]} 34. Rb5 $1 {[%csl LRa5,LRc5]} Kxf7 35. Rxc5 Be1 36. Bd4 Ra8
37. Rc2 {Precision: White = 82%, Black = 50%.} 1-0

[Event "Henry Chilufya Mem 2017"]
[Site "Mansa"]
[Date "2017.10.20"]
[Round "1.4"]
[White "Greenfeld, Alon"]
[Black "Wanyama, Harold"]
[Result "1-0"]
[WhiteElo "2509"]
[BlackElo "2290"]
[Annotator "TA"]
[PlyCount "100"]
[EventDate "2017.10.20"]
[EventType "swiss"]
[EventCountry "ZAM"]
[SourceTitle "playchess.com"]
[Source "ChessBase"]
[SourceQuality "1"]

{[%evp 13,100,30,32,13,19,4,31,25,47,16,17,27,31,0,46,55,77,79,88,77,77,77,81,
77,80,70,77,58,77,77,77,21,24,35,37,29,37,31,73,58,120,98,119,111,125,82,92,81,
94,88,68,68,83,83,84,82,167,116,117,119,116,82,85,82,73,77,85,88,155,150,140,
83,89,0,0,0,118,131,324,338,569,559,629,597,29994,29995,29995,29996,29998]} 1.
d4 d5 2. c4 c6 3. Nf3 Nf6 4. g3 e6 5. Bg2 Nbd7 6. O-O dxc4 7. a4 a5 8. Na3 {
E04: Open Catalan: 5 Nf3} Bxa3 9. bxa3 b6 10. Qc2 {White is slightly better.}
Ba6 11. Nd2 c3 12. Nb1 Rc8 13. Nxc3 c5 14. dxc5 {[#]} Nxc5 $146 ({Predecessor:
} 14... Rxc5 15. Qb2 O-O {1/2-1/2 (32) Rashkovsky,N (2535)-Razuvaev,Y (2525)
Moscow 1981}) 15. Bf4 Qe7 16. Qb2 Nfd7 17. Rfd1 e5 18. Be3 O-O 19. Rab1 Bc4 20.
Bd5 Bxd5 21. Nxd5 Qe6 22. Nxb6 (22. Bxc5 $16 bxc5 23. Qd2) 22... Nxb6 $11 23.
Qxb6 Qxb6 24. Rxb6 Nxa4 25. Ra6 Nc3 26. Rd7 a4 (26... Ra8 $14 27. Rda7 Rxa7 28.
Rxa7 Nxe2+ 29. Kf1 Nc3) 27. Kf1 $16 Rfd8 28. Re7 Rd5 29. Raa7 Rf8 30. g4 h6 31.
h4 Rd1+ 32. Kg2 Rd5 33. Kf3 e4+ {[#]} 34. Kg2 $1 g5 (34... Rd1 $16) 35. hxg5 (
35. Ra6 $18) 35... hxg5 36. Rac7 Nb5 37. Rc5 Rxc5 38. Bxc5 {[%mdl 4096]
Endgame And now Rb7 would win. KRB-KRN} Rc8 39. Bb4 Nc3 40. e3 Rc4 ({Better is
} 40... f6) 41. Rd7 Ne2 42. Rd2 (42. Be7 $142) 42... Nc1 {[#]} 43. Be7 (43.
Rd8+ $1 $16 Kg7 44. Be7) 43... Nd3 $11 44. Bxg5 Ne1+ (44... Kg7 $11 {remains
equal.}) 45. Kg3 $16 Nc2 $2 (45... Nd3 $16 {might work better.}) 46. Be7 $18
Rc3 $2 (46... Rc7 47. Kf4 Rxe7) 47. Rd8+ Kg7 48. g5 Rc4 49. Bf6+ Kg6 50. Kg4
Ne1 {Precision: White = 77%, Black = 41%.} 1-0

[Event "Henry Chilufya Mem 2017"]
[Site "Mansa"]
[Date "2017.10.20"]
[Round "1.5"]
[White "Ssegwanyi, Arthur"]
[Black "Mwali, Chitumbo"]
[Result "0-1"]
[WhiteElo "2373"]
[BlackElo "2334"]
[Annotator "ChessBase"]
[PlyCount "88"]
[EventDate "2017.10.20"]
[EventType "swiss"]
[EventCountry "ZAM"]
[TimeControl "40/5400+30:1800+30"]

1. e4 e5 2. Nf3 Nc6 3. d4 exd4 4. Nxd4 Nf6 5. Nxc6 bxc6 6. e5 Qe7 7. Qe2 Nd5 8.
c4 Nb6 9. Nc3 a5 10. Qe4 g6 11. Bd3 Bg7 12. O-O O-O 13. Re1 Ba6 14. Bd2 Qc5 15.
Qh4 d5 16. Be3 Qb4 17. Bd4 Nxc4 18. a3 Qb8 19. Na4 Nb6 20. Nc5 Bxd3 21. Nxd3
Re8 22. Nc5 Qc8 23. Re3 Nc4 24. Rh3 h5 25. e6 Qd8 26. exf7+ Kxf7 27. Qf4+ Kg8
28. Bxg7 Kxg7 29. Rf1 Qd6 30. Qd4+ Qe5 31. Qh4 Qf6 32. Qg3 Re7 33. b3 Nd2 34.
Rd1 Rae8 35. Nd3 Nxb3 36. Rxh5 Nd4 37. Kf1 Nf5 38. Rxf5 Qxf5 39. Nf4 Qc2 40.
Ra1 Qc4+ 41. Nd3 Qc3 42. Rd1 Qc2 43. Ra1 Qe2+ 44. Kg1 Qe1+ 0-1

[Event "Henry Chilufya Mem 2017"]
[Site "Mansa"]
[Date "2017.10.20"]
[Round "2.1"]
[White "Chumfwa, Stanley"]
[Black "Mwali, Chitumbo"]
[Result "1/2-1/2"]
[WhiteElo "2278"]
[BlackElo "2334"]
[Annotator "ChessBase"]
[PlyCount "33"]
[EventDate "2017.10.20"]
[EventType "swiss"]
[EventCountry "ZAM"]
[SourceTitle "playchess.com"]
[Source "ChessBase"]
[SourceQuality "1"]
[TimeControl "40/5400+30:1800+30"]

1. d4 Nf6 2. c4 e6 3. Nf3 Bb4+ 4. Nbd2 b6 5. a3 Bxd2+ 6. Bxd2 Ne4 7. Bc1 O-O 8.
e3 Bb7 9. b3 f5 10. Bb2 d6 11. Be2 Nd7 12. O-O Rf6 13. d5 Rg6 14. g3 e5 15. Kh1
Rh6 16. Kg1 Rg6 17. b4 1/2-1/2

[Event "Henry Chilufya Mem 2017"]
[Site "Mansa"]
[Date "2017.10.20"]
[Round "2.2"]
[White "Wanyama, Harold"]
[Black "Ssegwanyi, Arthur"]
[Result "1-0"]
[WhiteElo "2290"]
[BlackElo "2373"]
[Annotator "ChessBase"]
[PlyCount "120"]
[EventDate "2017.10.20"]
[EventType "swiss"]
[EventCountry "ZAM"]
[SourceTitle "playchess.com"]
[Source "ChessBase"]
[SourceQuality "1"]
[TimeControl "40/5400+30:1800+30"]

1. Nf3 Nf6 2. c4 e6 3. g3 d5 4. b3 c5 5. cxd5 Qxd5 6. Nc3 Qh5 7. Bg2 Be7 8. h3
Nd5 9. Nxd5 Qxd5 10. Ba3 Qd8 11. O-O Nc6 12. Qc2 Qa5 13. Bb2 f6 14. d4 Bd7 15.
Rfd1 Rd8 16. a3 O-O 17. dxc5 Qxc5 18. Bc3 Bc8 19. Rdc1 Qb6 20. b4 e5 21. Qb3+
Kh8 22. e3 Nb8 23. a4 Be6 24. Qb1 Na6 25. b5 Nc5 26. Bb4 Rc8 27. Ra3 Qd8 28.
Rac3 b6 29. Kh2 Qd7 30. e4 Rfd8 31. Nh4 g6 32. Nf3 Qb7 33. a5 Qd7 34. Bf1 h5
35. h4 Bf8 36. Be2 Qe8 37. R1c2 Bd7 38. Ba3 Rb8 39. Bxc5 bxc5 40. b6 axb6 41.
axb6 Qe6 42. Rb2 Qh3+ 43. Kg1 Bc6 44. Bf1 Qg4 45. Re2 Rb7 46. Kh2 Qd7 47. Nd2
Bb5 48. Nc4 Bxc4 49. Rxc4 Rdb8 50. Qa2 Rxb6 51. Ra4 Qd1 52. Bg2 Rb1 53. Ra7
Qg1+ 54. Kh3 g5 55. hxg5 fxg5 56. Qf7 g4+ 57. Kh4 R1b7 58. Rxb7 Rxb7 59. Qxb7
Qxg2 60. Kg5 Qg1 1-0

[Event "Henry Chilufya Mem 2017"]
[Site "Mansa"]
[Date "2017.10.20"]
[Round "2.4"]
[White "Phiri, Richmond"]
[Black "Kiriakov, Petr"]
[Result "1/2-1/2"]
[WhiteElo "2290"]
[BlackElo "2543"]
[Annotator "TA"]
[PlyCount "61"]
[EventDate "2017.10.20"]
[EventType "swiss"]
[EventCountry "ZAM"]
[SourceTitle "playchess.com"]
[Source "ChessBase"]
[SourceQuality "1"]

{[%evp 24,61,12,28,22,10,8,0,0,0,30,27,33,33,30,29,20,14,47,28,41,10,12,8,12,8,
10,2,8,0,7,7,21,13,106,99,99,97,172,174]} 1. d4 e6 2. Nf3 Nf6 3. g3 d5 4. Bg2
Be7 5. O-O O-O 6. c4 dxc4 7. Qc2 a6 8. Qxc4 b5 9. Qc2 Bb7 10. Bd2 Nc6 11. e3
Qb8 12. Rc1 {E05: Open Catalan: 5 Nf3 Be7} Rc8 13. a3 {LiveBook: 4 Games} a5 (
13... h6 14. Nc3 Nd8 15. b4 a5 16. Rab1 axb4 17. axb4 Ra3 18. Nxb5 Be4 19. Qc4
Bd3 20. Nxa3 Bxc4 21. Nxc4 {1-0 (41) Laznicka,V (2690)-Short,N (2690)
Khanty-Mansiysk 2010}) 14. Nc3 $146 {The position is equal.} ({Predecessor:} 
14. Ne1 Nd8 15. Nd3 Bxg2 16. Kxg2 Qb7+ 17. f3 Nd7 18. Nc5 Nxc5 19. dxc5 Nc6 {
1-0 (41) Zinic,T (2290)-Tischer,G (2340) Germany 1989}) 14... Na7 15. Qd1 c5
16. Ne2 a4 17. dxc5 Rxc5 18. Rxc5 Bxc5 19. Bc3 Be7 20. Rc1 {Hoping for Bxf6.}
Nd5 21. Be5 Qe8 22. Nc3 Nxc3 23. Bxc3 Rd8 24. Qe2 Rc8 25. Nd4 Bxg2 26. Kxg2 Bf6
27. Rd1 Rc4 28. Qf3 Bxd4 (28... h6 $11 {remains equal.}) 29. exd4 $16 Nc6 {
Black wants to play ...Ne7.} 30. d5 exd5 (30... Nd8 $16 {keeps fighting.}) 31.
Qxd5 {Precision: White = 50%, Black = 51%.} 1/2-1/2

[Event "Henry Chilufya Mem 2017"]
[Site "Mansa"]
[Date "2017.10.20"]
[Round "2.5"]
[White "Adly, Ahmed"]
[Black "Gupta, Abhijeet"]
[Result "1-0"]
[WhiteElo "2625"]
[BlackElo "2619"]
[Annotator "TA"]
[PlyCount "113"]
[EventDate "2017.10.20"]
[EventType "swiss"]
[EventCountry "ZAM"]
[SourceTitle "playchess.com"]
[Source "ChessBase"]
[SourceQuality "1"]

{[%evp 19,113,20,30,6,9,0,33,0,30,39,156,131,195,170,195,197,197,202,211,194,
182,207,171,45,76,126,45,51,97,91,99,50,113,100,138,139,138,128,134,135,129,
137,132,143,124,128,179,173,190,120,258,245,239,141,525,523,567,567,603,206,
198,93,84,34,302,305,312,98,276,276,270,259,669,268,269,204,334,327,855,795,
1160,340,8104,7204,5297,5402,29986,29991,29992,5081,29993,29994,29994,29994,
29994,29995]} 1. d4 Nf6 {[%cal Bg8f6,Bf6d7,Bd7b6][%mdl 32]} 2. g3 g6 3. Bg2 d5
4. c4 c6 5. Qa4 Nfd7 (5... Bg7 6. cxd5 Nxd5 7. Nf3 Bg4 8. Nbd2 Nb6 9. Qa3 Na6
10. h3 Be6 11. e3 O-O 12. O-O c5 13. dxc5 {1-0 (115) Rapport,R (2675)-Li,C 
(2744) Tbilisi 2017}) 6. cxd5 {D71: Fianchetto Grünfeld: 3 g3 d5 sidelines and
5 cxd5 (without Nf3)} Nb6 7. Qb3 cxd5 8. Nc3 Nc6 9. e3 e6 10. Nge2 Bg7 {
LiveBook: 3 Games} 11. a4 $146 {[%cal Ba2a4,Ba4a5][%mdl 32]} ({Predecessor:} 
11. O-O O-O 12. Rd1 Bd7 {1/2-1/2 (25) Maiorov,N (2596)-Libiszewski,F (2510)
Roquetas de Mar 2015}) 11... O-O 12. h4 {[%cal Bh2h4,Bh4h5,Bh5h6][%mdl 32]} Qe7
13. h5 Qb4 14. Qd1 e5 {[#]} (14... Re8 $14) 15. a5 $1 $16 {[%cal Ra5b6][%mdl
512]} exd4 (15... Nxa5 16. h6) 16. exd4 Nxa5 17. h6 $1 {[%cal Rh6g7]} Bh8 18.
Bd2 Nc6 19. Nxd5 Qxb2 {aiming for ...Nxd5.} 20. Bc3 Qb5 21. Ra5 (21. Nc7 $18
Qc4 22. Nxa8 Nxa8 23. Ra4) 21... Qxa5 $1 $14 22. Ne7+ Nxe7 23. Bxa5 Nbd5 24.
O-O $1 Be6 25. Qd2 Rac8 (25... Rfe8 $14) 26. Bb4 $1 $16 Rfd8 27. Bxe7 $1 Nxe7
28. Bxb7 Rb8 29. Bf3 Bc4 30. Rc1 Bxe2 31. Qxe2 Nf5 32. d5 Nd4 (32... a5 $16)
33. Qd1 $18 a5 34. Be4 ({White should play} 34. Rc5 $18) 34... Re8 (34... a4
$16) 35. Qd3 a4 {intending ...f5.} 36. d6 (36. Kg2 $1 $18) 36... Red8 $2 {
[%mdl 8192]} (36... Rbd8 $16 {is more resistant.} 37. Rc4 Rxd6 38. Rxa4 Bf6)
37. Qa6 a3 38. Bd5 Nb5 39. Rb1 $2 (39. Rc6) 39... Bb2 40. d7 (40. Re1 $18 {
Threatens to win with d7!} Nxd6 41. Re7) 40... Rxd7 $16 41. Bc4 Rd6 $2 {
[%mdl 8192]} (41... Ra7 $14 42. Qc6 Nd4) 42. Qa5 $18 Rdb6 43. Rd1 $2 $40 {
[%mdl 128] White has strong attack.} (43. Re1 $1 $18 {and the rest is easy.
Qxb6! would kill now.} Nd6 44. Bd5) 43... Nd6 $2 (43... Nd4 $16 {keeps
fighting.}) 44. Ba2 Bf6 45. Qxa3 Be7 $2 (45... Nf5 46. Rd7 Nxh6) 46. Qf3 (46.
Qc3 $142 {[%csl Gh6][%cal Rc3g7]} Nf5 47. Rd7) 46... R6b7 47. g4 Ra7 (47... Bf8
{might work better.} 48. Qf6 Ne8) 48. Qe3 Rc7 $2 (48... Rba8 49. Qd4 Bf8) 49.
Qe5 {[%csl Gh6][%cal Re5g7]} Ne8 50. Re1 $2 (50. Qf4 Bf8 51. Bxf7+ $1 {[%mdl
512]} Rxf7 52. Qxb8) 50... Bf8 $2 {[#]} (50... Bd6 51. Qa5 Rd8) 51. Bxf7+ $1 {
[%mdl 512]} Rxf7 52. Qxb8 Nf6 53. g5 Nd5 54. Qb3 (54. Re8 $142 Ne7 55. Qd6 Nf5
56. Qd5 Ng7 57. Rd8 Ne6 58. Qxe6 Kh8 {[#]} 59. Qe7 $1 {[%mdl 512]} Kg8 60.
Rxf8+ $1 {[%mdl 512]} Rxf8 61. Qg7#) 54... Nf4 55. Re8 {White mates.} Nh5 56.
Rc8 Nf4 57. Kf1 {Precision: White = 49%, Black = 30%.} 1-0

[Event "Henry Chilufya Mem 2017"]
[Site "Mansa"]
[Date "2017.10.21"]
[Round "3.1"]
[White "Gupta, Abhijeet"]
[Black "Chumfwa, Stanley"]
[Result "1-0"]
[WhiteElo "2619"]
[BlackElo "2278"]
[Annotator "TA"]
[PlyCount "45"]
[EventDate "2017.10.20"]
[EventType "swiss"]
[EventCountry "ZAM"]
[SourceTitle "playchess.com"]
[Source "ChessBase"]
[SourceQuality "1"]

{[%evp 30,45,27,12,33,40,110,108,110,104,129,120,134,128,374,382,379,365]} 1.
d4 Nf6 2. c4 e6 3. g3 d5 4. Bg2 dxc4 5. Nf3 c5 6. O-O Nc6 7. dxc5 Qxd1 8. Rxd1
Bxc5 9. Nbd2 c3 10. bxc3 O-O 11. Nb3 Be7 12. c4 Bd7 13. Bb2 {E04: Open Catalan:
5 Nf3} Rfd8 14. Nfd4 {[%cal Bf3d4,Bd4b5,Bb5d6][%mdl 32]} Rac8 15. Nb5 b6 16.
Nd6 {LiveBook: 19 Games} Rb8 (16... Bxd6 17. Rxd6 Be8 18. Rd3 Nb4 19. Rxd8 Rxd8
20. Bc3 a5 {1/2-1/2 (31) Wojtaszek,R (2737)-Naiditsch,A (2702) Antalya 2017})
17. Rd2 Ne8 $146 ({Better is} 17... Bxd6 $14 18. Rxd6 Rbc8) ({Predecessor:} 
17... a5 18. a4 Kf8 19. Rad1 Nb4 20. Nb5 Bc6 {1-0 (41) Xiong,J (2633)
-Zatonskih,A (2424) Douglas 2017}) 18. Nb5 $16 {Black must now prevent Rad1.}
Rbc8 19. Rad1 Nb8 20. Nxa7 Rxc4 {[#]} 21. Be5 $1 {[%cal Re5b8] Strongly
threatening Bxb8.} Nc7 $2 {[#]} (21... Nf6 $16 22. Bf3 Kf8 23. Bxb8 Rxb8) 22.
Nc6 $1 $18 {[%mdl 512]} Nxc6 23. Bxc7 1-0

[Event "Henry Chilufya Mem 2017"]
[Site "Mansa"]
[Date "2017.10.21"]
[Round "3.2"]
[White "Kiriakov, Petr"]
[Black "Adly, Ahmed"]
[Result "1/2-1/2"]
[WhiteElo "2543"]
[BlackElo "2625"]
[Annotator "TA"]
[PlyCount "120"]
[EventDate "2017.10.20"]
[EventType "swiss"]
[EventCountry "ZAM"]
[SourceTitle "playchess.com"]
[Source "ChessBase"]
[SourceQuality "1"]

{[%evp 9,120,12,29,24,43,13,18,0,39,41,54,42,51,37,48,40,48,26,68,72,69,64,72,
43,64,27,29,26,60,22,23,19,18,20,4,7,14,0,10,8,10,6,12,18,16,0,18,10,7,2,11,
-57,-57,-87,-79,-84,-55,-45,-37,-55,-28,-32,-33,-53,-38,-53,-31,-32,-6,-29,61,
0,0,17,29,41,81,14,24,8,19,-17,0,0,12,0,0,0,0,0,0,0,0,0,0,-2,0,0,31,0,594,580,
29988,29989,29989,29990,29990,29991,29991,1270,29994,29995,29997]} 1. Nf3 Nf6
2. c4 e6 3. g3 d5 4. b3 c5 5. cxd5 (5. Bg2 Be7 6. O-O O-O 7. e3 Nc6 8. Bb2 b6
9. Nc3 dxc4 10. bxc4 Bb7 11. Qe2 Qc7 12. Rac1 Rfd8 13. Rfd1 Na5 14. Ne1 Bxg2
15. Nxg2 Qb7 16. f4 a6 17. Ba1 Ne4 18. Nxe4 Qxe4 19. d3 Qg6 {0-1 (47) Caruana,
F (2807)-Aronian,L (2799) Saint Louis 2017}) 5... Qxd5 $146 ({Predecessor:} 
5... exd5 6. Bg2 Nc6 7. O-O d4 8. e3 Be7 9. exd4 Nxd4 10. Nxd4 Qxd4 11. Nc3 O-O
12. Re1 Re8 {1-0 (26) Zhao,X (2506)-Tan,Z (2504) Huaian 2016}) 6. Nc3 {A13:
English Opening: 1...e6} Qh5 7. Bg2 Be7 8. h3 {The position is equal.} Nd5 9.
Nxd5 Qxd5 10. Ba3 Qd8 11. O-O Nc6 12. Qc2 Qa5 13. Bb2 f6 14. d4 Bd7 15. Rfd1
Rd8 16. a3 O-O 17. dxc5 Qxc5 18. Bc3 Bc8 19. Rdc1 Qb6 20. b4 e5 21. Qb3+ Kh8
22. e3 Nb8 {[%cal Bc6b8,Bb8a6,Ba6c5][%mdl 32]} 23. a4 Be6 24. Qb1 Na6 {[%cal
Re7b4]} 25. b5 Nc5 {[#] Strongly threatening ...Nb3.} 26. Bb4 Rc8 27. Ra3 Qd8
28. Rac3 {[%cal Rb4c5]} b6 29. Kh2 Qd7 30. e4 (30. Nd2 $11) 30... Rfd8 $15 31.
Nh4 g6 32. Nf3 Qb7 33. a5 Qd7 34. Bf1 h5 35. h4 Bf8 36. Be2 Qe8 37. R1c2 {
[%cal Bc1c2,Bc2b2,Bb2e2][%mdl 32]} Bd7 38. Ba3 Rb8 39. Bxc5 bxc5 (39... Bxc5
$11 40. a6 Rbc8) 40. b6 axb6 41. axb6 Qe6 42. Rb2 Qh3+ 43. Kg1 Bc6 $1 44. Bf1
Qg4 45. Re2 Rb7 46. Kh2 {[#] Hoping for Bh3.} Qd7 47. Nd2 Bb5 48. Nc4 Bxc4 $1
49. Rxc4 Rdb8 50. Qa2 Rxb6 51. Ra4 Qd1 52. Bg2 Rb1 {...g5 is the strong threat.
} 53. Ra7 $1 {Black must now prevent Qf7!} Qg1+ 54. Kh3 {[%cal Bh2h3,Bh3h4,
Bh4g5][%mdl 32]} g5 $2 {[%mdl 8192]} (54... R1b7 $11 {and Black has nothing to
worry.}) 55. hxg5 $18 {Qf7 would kill now.} fxg5 56. Qf7 {[%csl Ga7][%cal
Rf7h7]} g4+ 57. Kh4 {[%csl Ga7][%cal Rf7h7]} R1b7 58. Rxb7 Rxb7 59. Qxb7 (59.
Qxf8+ $142 Kh7 60. Qf5+ Kg7 61. Qxe5+ Kh7 62. Qxh5+ Kg8 63. Qd5+ Rf7 64. Ra2
Qh2+ 65. Kg5) 59... Qxg2 60. Kg5 Qg1 {[%mdl 32768] Precision: White = 53%,
Black = 45%. . An unexpected result.} 1/2-1/2

[Event "Henry Chilufya Mem 2017"]
[Site "Mansa"]
[Date "2017.10.21"]
[Round "3.4"]
[White "Ssegwanyi, Arthur"]
[Black "Bwalya, Gillan"]
[Result "1-0"]
[WhiteElo "2373"]
[BlackElo "2291"]
[Annotator "ChessBase"]
[PlyCount "111"]
[EventDate "2017.10.20"]
[EventType "swiss"]
[EventCountry "ZAM"]
[SourceTitle "playchess.com"]
[Source "ChessBase"]
[SourceQuality "1"]
[TimeControl "40/5400+30:1800+30"]

1. e4 c5 2. Nf3 d6 3. d4 cxd4 4. Nxd4 Nf6 5. Nc3 a6 6. Bg5 e6 7. f4 Be7 8. Qf3
Qc7 9. O-O-O Nbd7 10. g4 Rb8 11. Bxf6 gxf6 12. Bd3 Qc5 13. Nb3 Qa7 14. e5 fxe5
15. f5 Bg5+ 16. Kb1 Qe3 17. Qg2 Bh4 18. Rhf1 Nf6 19. Nd2 Qh6 20. Nc4 Ke7 21.
Qg1 b6 22. Nxb6 Nd7 23. Nc4 Bg5 24. fxe6 fxe6 25. Nxd6 Be3 26. Nf5+ exf5 27.
Nd5+ Ke8 28. Nxe3 Qb6 29. b3 f4 30. Nc4 Qxg1 31. Rxg1 Ke7 32. Bf5 Rb5 33. Nd6
Nb6 34. Nxb5 Bxf5 35. gxf5 axb5 36. h4 Rf8 37. Rg7+ Kf6 38. Rg5 Nc8 39. Rd5 f3
40. Kc1 f2 41. Rd1 e4 42. Rf1 e3 43. Kd1 Ke5 44. Ke2 Kf4 45. Rd1 Ne7 46. f6 Nf5
47. Rxf5+ Kxf5 48. Kxe3 Rxf6 49. Kxf2 Ke4+ 50. Ke2 Rh6 51. c3 Ke5 52. Rd4 Rg6
53. Rb4 Rg2+ 54. Kf3 Rxa2 55. Rxb5+ Kf6 56. Kg4 1-0

[Event "Henry Chilufya Mem 2017"]
[Site "Mansa"]
[Date "2017.10.21"]
[Round "3.5"]
[White "Mwali, Chitumbo"]
[Black "Wanyama, Harold"]
[Result "1-0"]
[WhiteElo "2334"]
[BlackElo "2290"]
[Annotator "ChessBase"]
[PlyCount "76"]
[EventDate "2017.10.20"]
[EventType "swiss"]
[EventCountry "ZAM"]
[SourceTitle "playchess.com"]
[Source "ChessBase"]
[SourceQuality "1"]
[TimeControl "40/5400+30:1800+30"]

1. c4 Nf6 2. g3 g6 3. Bg2 Bg7 4. Nc3 e5 5. e4 O-O 6. Nge2 d6 7. O-O Nfd7 8. d3
Nc6 9. Be3 Nd4 10. Qd2 Nc5 11. Bg5 f6 12. Be3 f5 13. Bg5 Qd7 14. Nxd4 exd4 15.
Nd5 fxe4 16. Rae1 h6 17. Bxh6 e3 18. Bxe3 dxe3 19. Rxe3 Bh6 20. f4 c6 21. Ne7+
Kh7 22. d4 Na6 23. Qd3 Rf6 24. Rfe1 Bf8 25. g4 Qxg4 26. Rg3 Bf5 27. Qf1 Qh5 28.
Bf3 Qh4 29. Nxf5 Qxf4 30. Rh3+ Kg8 31. Bd5+ cxd5 32. Qxf4 Rxf5 33. Qg4 Rf7 34.
Re6 Nc7 35. Rxg6+ Bg7 36. Rg3 Ne8 37. h4 Rd8 38. h5 Kh7 1-0

[Event "Henry Chilufya Mem 2017"]
[Site "Mansa"]
[Date "2017.10.21"]
[Round "4.1"]
[White "Chumfwa, Stanley"]
[Black "Wanyama, Harold"]
[Result "0-1"]
[WhiteElo "2278"]
[BlackElo "2290"]
[Annotator "ChessBase"]
[PlyCount "86"]
[EventDate "2017.10.20"]
[EventType "swiss"]
[EventCountry "ZAM"]
[SourceTitle "playchess.com"]
[Source "ChessBase"]
[SourceQuality "1"]
[TimeControl "40/5400+30:1800+30"]

1. e4 c5 2. Nf3 e6 3. d4 cxd4 4. Nxd4 a6 5. Nc3 Qc7 6. Be2 Nf6 7. O-O Nc6 8.
Be3 h5 9. f4 d6 10. Kh1 Bd7 11. a4 Na5 12. Qd3 Rc8 13. Rad1 Be7 14. f5 Nc4 15.
Bc1 h4 16. fxe6 fxe6 17. Qh3 e5 18. Ne6 Bxe6 19. Qxe6 Nb6 20. Qf5 Qd7 21. Qg6+
Kd8 22. a5 Na4 23. Nxa4 Qxa4 24. b3 Qe8 25. Qxe8+ Kxe8 26. Bd3 Kd7 27. c4 Ke6
28. b4 Kf7 29. Bd2 Kg6 30. Rf3 Rhf8 31. Rdf1 Nd7 32. Rf5 Kh7 33. g4 hxg3 34.
hxg3 Kg6 35. Kg2 Nf6 36. R1f3 Rh8 37. Rf1 Ng4 38. Rh1 Rxh1 39. Kxh1 Rh8+ 40.
Kg1 Rh2 41. Be1 Rb2 42. Bf1 Bg5 43. Bh3 Be3+ 0-1

[Event "Henry Chilufya Mem 2017"]
[Site "Mansa"]
[Date "2017.10.21"]
[Round "4.2"]
[White "Bwalya, Gillan"]
[Black "Mwali, Chitumbo"]
[Result "1/2-1/2"]
[WhiteElo "2291"]
[BlackElo "2334"]
[Annotator "ChessBase"]
[PlyCount "31"]
[EventDate "2017.10.20"]
[EventType "swiss"]
[EventCountry "ZAM"]
[SourceTitle "playchess.com"]
[Source "ChessBase"]
[SourceQuality "1"]
[TimeControl "40/5400+30:1800+30"]

1. e4 e5 2. f4 exf4 3. Nf3 Be7 4. Bc4 Nf6 5. e5 Ng4 6. O-O Nc6 7. d4 d5 8. Bb5
O-O 9. h3 Ne3 10. Bxe3 fxe3 11. Qe2 f6 12. exf6 Bxf6 13. Qxe3 Bf5 14. Bxc6 bxc6
15. Nbd2 Qd6 16. c3 1/2-1/2